[Event "Madrid ch - Semifinal A "]
[Site "Madrid ESP"]
[Date "2015.03.24"]
[Round "8.19"]
[White "Lozano Sanchez, Jose Antonio"]
[Black "Morera Rodriguez, Ignacio"]
[Result "1/2-1/2"]
[WhiteElo "1866"]
[BlackElo "1887"]
[PlyCount "108"]
[EventDate "2015.03.09"]
[EventType "swiss"]
[EventRounds "9"]
[EventCountry "ESP"]
[Source "lmi"]
[SourceDate "2015.03.09"]

1. e4 c5 2. Nf3 d6 3. Bc4 e6 4. Nc3 Nf6 5. O-O Be7 6. d4 cxd4 7. Nxd4 a6 8. a4
Qc7 9. Ba2 Bd7 10. Be3 Nc6 11. Nf3 O-O 12. Qe2 Rab8 13. Rab1 Nb4 14. Bb3 Bc6
15. Rfe1 Nxe4 16. Nxe4 Bxe4 17. Ba7 Ra8 18. Qxe4 d5 19. Qe3 Rxa7 20. c3 Nc6 21.
Nd4 Nxd4 22. Qxd4 Bc5 23. Qh4 Qd8 24. Qg3 b5 25. Qf4 Bd6 26. Qe3 Qc7 27. h3 Bc5
28. Qd3 Qb6 29. Re2 bxa4 30. Bxa4 Rd8 31. Bc2 g6 32. Qg3 Rad7 33. Ba4 Ra7 34.
Bc2 a5 35. Ba4 d4 36. Qd3 dxc3 37. Qxc3 Rc7 38. Qf3 Rdc8 39. Bb3 Bb4 40. g3 Qa6
41. Qe4 a4 42. Bc2 Rc4 43. Bd3 Rxe4 44. Bxa6 Rxe2 45. Bxe2 Rc2 46. Kf1 f5 47.
Ra1 Rxb2 48. Rxa4 Bc5 49. Ra5 Bb6 50. Rb5 Rxb5 51. Bxb5 e5 52. g4 f4 53. f3 Kg7
54. Bc6 Kf6 1/2-1/2

[Event "Madrid ch - Semifinal A "]
[Site "Madrid ESP"]
[Date "2015.03.24"]
[Round "8.20"]
[White "Sanchez Hernandez, Guillermo"]
[Black "Roldan Garcia, Angel"]
[Result "1/2-1/2"]
[WhiteElo "2100"]
[BlackElo "1826"]
[PlyCount "23"]
[EventDate "2015.03.09"]
[EventType "swiss"]
[EventRounds "9"]
[EventCountry "ESP"]
[Source "lmi"]
[SourceDate "2015.03.09"]

1. e4 c5 2. Nf3 e6 3. d4 cxd4 4. Nxd4 Nc6 5. Be2 Qc7 6. O-O a6 7. Nc3 Nf6 8.
Be3 Bb4 9. Bd3 O-O 10. f4 Bc5 11. Be2 d6 12. Qd2 1/2-1/2

[Event "Madrid ch - Semifinal A "]
[Site "Madrid ESP"]
[Date "2015.03.25"]
[Round "9.1"]
[White "Pastor Alonso De Prado, Alberto"]
[Black "Lopez De Turiso, Jose Angel"]
[Result "1-0"]
[WhiteElo "2131"]
[BlackElo "2046"]
[PlyCount "37"]
[EventDate "2015.03.09"]
[EventType "swiss"]
[EventRounds "9"]
[EventCountry "ESP"]
[Source "lmi"]
[SourceDate "2015.03.09"]

1. e4 e5 2. Nf3 Nc6 3. c3 Nf6 4. d4 d5 5. Bb5 exd4 6. e5 Ne4 7. cxd4 Bb4+ 8.
Bd2 Nxd2 9. Nbxd2 O-O 10. O-O Bd7 11. Bd3 Re8 12. Nb3 Bf8 13. Rc1 b6 14. h3 f6
15. Re1 fxe5 16. dxe5 Nb4 17. Bb1 c6 18. a3 Na6 19. Qd3 1-0

[Event "Madrid ch - Semifinal A "]
[Site "Madrid ESP"]
[Date "2015.03.25"]
[Round "9.2"]
[White "Ortega Ruiz, Jose Miguel"]
[Black "Plazuelo Pascual, Juan"]
[Result "1/2-1/2"]
[WhiteElo "2267"]
[BlackElo "2162"]
[PlyCount "27"]
[EventDate "2015.03.09"]
[EventType "swiss"]
[EventRounds "9"]
[EventCountry "ESP"]
[Source "lmi"]
[SourceDate "2015.03.09"]

1. d4 Nf6 2. Nf3 e6 3. Bg5 c5 4. e3 h6 5. Bf4 Nh5 6. Bg3 Nxg3 7. hxg3 b6 8. c3
Bb7 9. Nbd2 cxd4 10. exd4 d6 11. Bd3 Nd7 12. Qe2 Be7 13. O-O-O Qc7 14. Kb1
1/2-1/2

[Event "Madrid ch - Semifinal A "]
[Site "Madrid ESP"]
[Date "2015.03.25"]
[Round "9.3"]
[White "Ballesteros Gonzalez, David"]
[Black "Garcia-Ruiz Fuentes, Aitor"]
[Result "1/2-1/2"]
[WhiteElo "2192"]
[BlackElo "2007"]
[PlyCount "81"]
[EventDate "2015.03.09"]
[EventType "swiss"]
[EventRounds "9"]
[EventCountry "ESP"]
[Source "lmi"]
[SourceDate "2015.03.09"]

1. d4 Nf6 2. c4 g6 3. Nc3 Bg7 4. e4 d6 5. Nf3 O-O 6. Be2 e5 7. dxe5 dxe5 8.
Qxd8 Rxd8 9. Bg5 Re8 10. O-O-O c6 11. Nxe5 Nxe4 12. Nxe4 Bxe5 13. Rhe1 Na6 14.
c5 Bxb2+ 15. Kxb2 Rxe4 16. Bxa6 Rxe1 17. Rxe1 bxa6 18. Re8+ Kg7 19. Bf4 Kf6 20.
g4 Bb7 21. Be5+ Kg5 22. Re7 Bc8 23. Rxf7 Bxg4 24. Bf4+ Kh4 25. Rxh7+ Bh5 26.
Bg3+ Kg5 27. Kc3 Re8 28. Rxa7 Be2 29. Rf7 Re4 30. Kd2 Bc4 31. Rc7 Bd5 32. Rb7
Ra4 33. Re7 Rxa2+ 34. Kd3 Ra3+ 35. Kd2 Ra2+ 36. Kc3 a5 37. Ra7 a4 38. Kb4 Rb2+
39. Ka3 Ra2+ 40. Kb4 Rb2+ 41. Ka3 1/2-1/2

[Event "Madrid ch - Semifinal A "]
[Site "Madrid ESP"]
[Date "2015.03.25"]
[Round "9.4"]
[White "Suarez Uriel, Adrian"]
[Black "Alvarez Abejon, Amilcar"]
[Result "1-0"]
[WhiteElo "2243"]
[BlackElo "2106"]
[PlyCount "101"]
[EventDate "2015.03.09"]
[EventType "swiss"]
[EventRounds "9"]
[EventCountry "ESP"]
[Source "lmi"]
[SourceDate "2015.03.09"]

1. e4 e5 2. Nf3 Nc6 3. Bb5 a6 4. Ba4 Nge7 5. c3 g6 6. O-O Bg7 7. d4 exd4 8.
cxd4 b5 9. Bb3 d6 10. Nc3 O-O 11. h3 Bb7 12. Bf4 Na5 13. Bc2 Nc4 14. Qc1 c5 15.
dxc5 dxc5 16. Rd1 Qc8 17. Bh6 Rd8 18. Rxd8+ Qxd8 19. Bxg7 Kxg7 20. b3 Nb6 21.
Qf4 Nc6 22. Rd1 Qe7 23. h4 h5 24. a3 Rd8 25. Nd5 Nxd5 26. exd5 Nd4 27. Nxd4
cxd4 28. Rxd4 Qf6 29. Qd2 Rd6 30. b4 Qe5 31. Bb3 Qf5 32. Qe3 Qf6 33. Kh2 Qd8
34. Qg5 Qxg5 35. hxg5 Kf8 36. Kg3 Ke7 37. Kf4 f5 38. Ke5 Kd7 39. g3 Ke7 40. f4
Kd7 41. Rd2 Ba8 42. Kd4 Bb7 43. Re2 Bc8 44. Kc5 Bb7 45. Re6 Rxe6 46. dxe6+ Ke7
47. Bd5 Bc8 48. Kc6 Bxe6 49. Bxe6 Kxe6 50. Kc5 Kd7 51. Kb6 1-0

[Event "Madrid ch - Semifinal A "]
[Site "Madrid ESP"]
[Date "2015.03.25"]
[Round "9.5"]
[White "De La Puerta Cresis, Javier"]
[Black "Correas Gonzalez, Jose Ramon"]
[Result "1-0"]
[WhiteElo "2097"]
[BlackElo "2091"]
[PlyCount "133"]
[EventDate "2015.03.09"]
[EventType "swiss"]
[EventRounds "9"]
[EventCountry "ESP"]
[Source "lmi"]
[SourceDate "2015.03.09"]

1. e4 c5 2. Nf3 d6 3. d4 cxd4 4. Nxd4 Nf6 5. Nc3 a6 6. Bg5 e6 7. f4 Be7 8. Qf3
Qa5 9. O-O-O Bd7 10. f5 Nc6 11. Nb3 Qc7 12. Be2 Ne5 13. Qg3 Rc8 14. Bf4 Nxe4
15. Qxg7 Bf6 16. Qh6 Nxc3 17. Qxf6 Nxe2+ 18. Kb1 Qxc2+ 19. Ka1 Rf8 20. Bg5 Nc6
21. Rhf1 Qe4 22. Rxd6 Qe5 23. Rxc6 Qxf6 24. Rxc8+ Bxc8 25. Bxf6 Bd7 26. Nc5 b6
27. Nxd7 Kxd7 28. Rf2 Rc8 29. a3 Rc1+ 30. Ka2 Re1 31. Kb3 exf5 32. Kc2 Ng1 33.
Kd2 Rb1 34. Bd4 Ke6 35. Kc2 Re1 36. Bxb6 Ke5 37. Rd2 f4 38. Kd3 h5 39. Bc7+ Kf5
40. Rf2 Re3+ 41. Kd2 Re4 42. Bb6 h4 43. Kd1 Re6 44. Bc5 Kg4 45. Rd2 Nh3 46.
gxh3+ Kxh3 47. Rf2 Re4 48. Kd2 f5 49. Kd3 Re5 50. Bb4 Kg4 51. Bd2 f3 52. b4 Re8
53. a4 Rb8 54. Kc2 Rc8+ 55. Kd1 Rc4 56. Ke1 Rc2 57. Be3 Rc3 58. Bd2 Ra3 59. Bc1
Rxa4 60. Rb2 Ra1 61. Rc2 Rb1 62. Rc4+ Kh3 63. Kf2 Rb3 64. Bg5 Rb2+ 65. Kxf3
Kxh2 66. Rxh4+ Kg1 67. Be3+ 1-0

[Event "Madrid ch - Semifinal A "]
[Site "Madrid ESP"]
[Date "2015.03.25"]
[Round "9.6"]
[White "Andalon Gomez, Carlos J"]
[Black "Tejedor Ariza, Francisco"]
[Result "0-1"]
[WhiteElo "2022"]
[BlackElo "2032"]
[PlyCount "72"]
[EventDate "2015.03.09"]
[EventType "swiss"]
[EventRounds "9"]
[EventCountry "ESP"]
[Source "lmi"]
[SourceDate "2015.03.09"]

1. d4 d5 2. c4 c6 3. Nc3 Nf6 4. Bg5 dxc4 5. a4 Qa5 6. Nf3 Nbd7 7. Bd2 Qf5 8. h3
h5 9. Ng5 Qg6 10. e4 Nh7 11. Nf3 e5 12. dxe5 Nc5 13. Qe2 Nd3+ 14. Kd1 Nxb2+ 15.
Kc2 Nd3 16. Rb1 Bc5 17. Be3 Bb4 18. Nh4 Qe6 19. f4 Qe7 20. Qxh5 Bxc3 21. Bxd3
cxd3+ 22. Kxc3 Qa3+ 23. Rb3 Qxa4 24. Nf5 Bxf5 25. Qxf5 b5 26. Kb2 g6 27. Qg4
Qxe4 28. Qg3 Nf8 29. Bc5 Ne6 30. Bd6 Qd4+ 31. Kb1 Qxf4 32. Qxd3 Qf5 33. Qxf5
gxf5 34. Rc1 Rg8 35. g3 a5 36. Rxc6 Nd4 0-1

[Event "Madrid ch - Semifinal A "]
[Site "Madrid ESP"]
[Date "2015.03.25"]
[Round "9.7"]
[White "Gonzalez Rivera, Eduardo"]
[Black "Cervino Rossel, Cristobal"]
[Result "0-1"]
[WhiteElo "2088"]
[BlackElo "2102"]
[PlyCount "70"]
[EventDate "2015.03.09"]
[EventType "swiss"]
[EventRounds "9"]
[EventCountry "ESP"]
[Source "lmi"]
[SourceDate "2015.03.09"]

1. e4 Nf6 2. e5 Nd5 3. c4 Nb6 4. c5 Nd5 5. Nc3 c6 6. Bc4 d6 7. exd6 exd6 8.
Nxd5 cxd5 9. Bxd5 dxc5 10. Qf3 Qc7 11. b3 Bd6 12. Bb2 O-O 13. Ne2 Nd7 14. Rc1
Rb8 15. Ng3 Be5 16. d4 Qa5+ 17. Bc3 Qa3 18. Rd1 cxd4 19. Bd2 Nf6 20. Nh5 Nxd5
21. Qxd5 Bg4 22. O-O Bxd1 23. Rxd1 Qd6 24. Qf3 Bxh2+ 25. Kh1 Be5 26. Re1 Rfe8
27. Re4 Re6 28. Rh4 Rbe8 29. Qh3 h6 30. f4 Bf6 31. Rg4 Re3 32. Bxe3 dxe3 33.
Qg3 Qd4 34. f5 Qa1+ 35. Kh2 Qe5 0-1

[Event "Madrid ch - Semifinal A "]
[Site "Madrid ESP"]
[Date "2015.03.25"]
[Round "9.8"]
[White "Tereso Martin, Antonio"]
[Black "Rodriguez De Castro, Ayar"]
[Result "1-0"]
[WhiteElo "2033"]
[BlackElo "2090"]
[PlyCount "77"]
[EventDate "2015.03.09"]
[EventType "swiss"]
[EventRounds "9"]
[EventCountry "ESP"]
[Source "lmi"]
[SourceDate "2015.03.09"]

1. d4 d5 2. Nf3 Nf6 3. Bf4 Bf5 4. e3 c6 5. Bd3 Ne4 6. Nbd2 e6 7. Ne5 f6 8. Bxe4
dxe4 9. Nec4 b5 10. Na3 Qa5 11. O-O Nd7 12. Nab1 Bb4 13. c3 Be7 14. b4 Qb6 15.
Nb3 O-O 16. N1d2 Bg6 17. Nc5 Nxc5 18. bxc5 Qa5 19. Qc2 Rfe8 20. a4 e5 21. Bg3
a6 22. axb5 Qxb5 23. Rfb1 Qe2 24. Rb6 f5 25. Bxe5 Bxc5 26. Rxc6 Be7 27. Qd1 Qd3
28. c4 Bf7 29. c5 Bg5 30. g3 a5 31. Qc1 a4 32. Ra3 Qe2 33. Rb6 Bd8 34. Rb2 Qa6
35. Qf1 Qc6 36. Nc4 Ba5 37. Nd6 Red8 38. Nxf5 Bb3 39. Ne7+ 1-0

[Event "Madrid ch - Semifinal A "]
[Site "Madrid ESP"]
[Date "2015.03.25"]
[Round "9.9"]
[White "Blanco Sanchez, Jose Fernando"]
[Black "Gil Sierra, Jacinto"]
[Result "1-0"]
[WhiteElo "2062"]
[BlackElo "1972"]
[PlyCount "57"]
[EventDate "2015.03.09"]
[EventType "swiss"]
[EventRounds "9"]
[EventCountry "ESP"]
[Source "lmi"]
[SourceDate "2015.03.09"]

1. d4 e6 2. e4 d5 3. Nc3 Bb4 4. exd5 exd5 5. Bd3 Nf6 6. Bg5 h6 7. Bh4 O-O 8.
Nge2 c5 9. Bxf6 Qxf6 10. O-O Be6 11. dxc5 Nd7 12. Bb5 Nxc5 13. Nxd5 Qxb2 14.
Rb1 Qa3 15. Nxb4 a6 16. Bd3 a5 17. Nd4 axb4 18. Nxe6 Nxe6 19. Bc4 Rad8 20. Qc1
Nd4 21. Qxa3 bxa3 22. Rxb7 Nxc2 23. Rc1 Rd2 24. h3 Nd4 25. Ra7 Rxa2 26. Rd1
Ne2+ 27. Kf1 Nc3 28. Rc1 Rb8 29. Bxf7+ 1-0

[Event "Madrid ch - Semifinal A "]
[Site "Madrid ESP"]
[Date "2015.03.25"]
[Round "9.10"]
[White "Camarero Izquierdo, Juan Carlos"]
[Black "Camacho Casado, Demetrio"]
[Result "0-1"]
[WhiteElo "1888"]
[BlackElo "1916"]
[PlyCount "61"]
[EventDate "2015.03.09"]
[EventType "swiss"]
[EventRounds "9"]
[EventCountry "ESP"]
[Source "lmi"]
[SourceDate "2015.03.09"]

1. d4 Nf6 2. Nc3 d6 3. e4 g6 4. Be3 Bg7 5. Qd2 h5 6. O-O-O c6 7. f4 Ng4 8. Nf3
Nxe3 9. Qxe3 Nd7 10. e5 dxe5 11. dxe5 Qb6 12. Nd4 Nxe5 13. Ne4 Ng4 14. Qg1 Bf5
15. Ng3 O-O-O 16. Ngxf5 gxf5 17. c3 e6 18. Bd3 Rxd4 19. h3 Rxd3 20. Rxd3 Nf2
21. Rg3 Bh6 22. Rf3 Nxh1 23. Qxh1 Rd8 24. Qe1 Qa5 25. a3 Qa4 26. g3 h4 27. Rf1
hxg3 28. Qxg3 Bxf4+ 29. Qxf4 Rd1+ 30. Rxd1 Qxf4+ 31. Kb1 0-1

[Event "Madrid ch - Semifinal A "]
[Site "Madrid ESP"]
[Date "2015.03.25"]
[Round "9.11"]
[White "Perez Agusti, Luis"]
[Black "Fernandez Aransay, Fernando"]
[Result "1/2-1/2"]
[WhiteElo "1928"]
[BlackElo "1896"]
[PlyCount "65"]
[EventDate "2015.03.09"]
[EventType "swiss"]
[EventRounds "9"]
[EventCountry "ESP"]
[Source "lmi"]
[SourceDate "2015.03.09"]

1. Nf3 d5 2. g3 Nf6 3. Bg2 e6 4. O-O Be7 5. c4 O-O 6. d4 b6 7. Nc3 Bb7 8. cxd5
Nxd5 9. Qc2 Nd7 10. Rd1 Rc8 11. e4 Nxc3 12. bxc3 Nf6 13. Ne5 Qe8 14. c4 Nd7 15.
Nxd7 Qxd7 16. Be3 Rfd8 17. Qb3 Bc6 18. Rd2 Ba4 19. Qb2 Qe8 20. e5 Rb8 21. Be4
Qf8 22. Bc2 Bxc2 23. Qxc2 c6 24. Qa4 Bb4 25. Rdd1 b5 26. cxb5 cxb5 27. Qxa7 Ra8
28. Qb7 Bc3 29. Rac1 b4 30. Rc2 Qe8 31. Qe4 Qa4 32. f4 Rac8 33. f5 1/2-1/2

[Event "Madrid ch - Semifinal A "]
[Site "Madrid ESP"]
[Date "2015.03.25"]
[Round "9.12"]
[White "Bajo Vicente, Alberto"]
[Black "Lorenzo Bailador, Alfredo"]
[Result "1/2-1/2"]
[WhiteElo "2046"]
[BlackElo "1998"]
[PlyCount "88"]
[EventDate "2015.03.09"]
[EventType "swiss"]
[EventRounds "9"]
[EventCountry "ESP"]
[Source "lmi"]
[SourceDate "2015.03.09"]

1. d4 d5 2. Nf3 Nf6 3. g3 Bf5 4. Bg2 e6 5. O-O h6 6. c4 c6 7. b3 Nbd7 8. Bf4
Be7 9. Nc3 Ne4 10. Nxe4 Bxe4 11. Nd2 Bxg2 12. Kxg2 Bf6 13. cxd5 exd5 14. Nf3
O-O 15. Rc1 Re8 16. Qd3 Qb6 17. h4 Re4 18. Be3 Re6 19. Bf4 Rae8 20. e3 Qd8 21.
Rh1 Be7 22. h5 Bd6 23. Rcg1 Nf6 24. Rh4 Ne4 25. Bxd6 Qxd6 26. Ne5 f6 27. Ng6
Ng5 28. Nf4 Re4 29. Rc1 Qd7 30. Qd1 Qf5 31. Qg4 Qxg4 32. Rxg4 Ne6 33. Kf3 Ng5+
34. Kg2 Ne6 35. Rh4 Kf7 36. Rhh1 Nxf4+ 37. gxf4 f5 38. Kf3 R4e6 39. b4 a6 40.
a4 Ra8 41. Rc5 Re7 42. b5 axb5 43. axb5 Rc7 44. Rhc1 Rac8 1/2-1/2

[Event "Madrid ch - Semifinal A "]
[Site "Madrid ESP"]
[Date "2015.03.25"]
[Round "9.13"]
[White "Pana, Dorin"]
[Black "Beyerholm, Arne"]
[Result "1/2-1/2"]
[WhiteElo "1945"]
[BlackElo "2058"]
[PlyCount "119"]
[EventDate "2015.03.09"]
[EventType "swiss"]
[EventRounds "9"]
[EventCountry "ESP"]
[Source "lmi"]
[SourceDate "2015.03.09"]

1. e4 e5 2. Nf3 Nf6 3. Bc4 Nxe4 4. Nxe5 d5 5. Qe2 Be6 6. Bb3 Bd6 7. d3 Nf6 8.
Bg5 O-O 9. O-O h6 10. Bh4 Bxe5 11. Qxe5 Nbd7 12. Qe2 Re8 13. Nc3 c6 14. Rae1
Qc7 15. Qd2 Bf5 16. Ne2 a5 17. a3 Qb6 18. a4 Qb4 19. Qxb4 axb4 20. Nd4 Bh7 21.
Bg3 Rxe1 22. Rxe1 Re8 23. Kf1 Rxe1+ 24. Kxe1 Ne8 25. a5 Nc5 26. Kd2 Kf8 27. f3
Ke7 28. Ke3 Nd6 29. Be1 Na6 30. g4 f5 31. h4 fxg4 32. fxg4 g5 33. hxg5 hxg5 34.
Nf3 Kf6 35. Bg3 Ne8 36. Be5+ Kg6 37. Bd4 c5 38. Bxd5 cxd4+ 39. Kxd4 Kf6 40.
Bxb7 Nec7 41. Ne5 Bg8 42. Bxa6 Nxa6 43. Nd7+ Ke7 44. Nc5 Nxc5 45. Kxc5 Be6 46.
Kxb4 Bxg4 47. Kc5 Kd7 48. Kd4 Kc6 49. c4 Bf5 50. b4 g4 51. Ke3 g3 52. d4 Bd3
53. d5+ Kd6 54. c5+ Kxd5 55. Kf3 g2 56. Kxg2 Be4+ 57. Kf2 Kc4 58. a6 Kxb4 59.
Ke3 Kxc5 60. Kxe4 1/2-1/2

[Event "Madrid ch - Semifinal A "]
[Site "Madrid ESP"]
[Date "2015.03.25"]
[Round "9.16"]
[White "Corral Aragon, Juan Maria"]
[Black "Jimenez Gonzalez, Marcos"]
[Result "1-0"]
[WhiteElo "1830"]
[BlackElo "1851"]
[PlyCount "67"]
[EventDate "2015.03.09"]
[EventType "swiss"]
[EventRounds "9"]
[EventCountry "ESP"]
[Source "lmi"]
[SourceDate "2015.03.09"]

1. e4 c6 2. d4 d5 3. exd5 cxd5 4. Nf3 Nc6 5. Bb5 Nf6 6. O-O Bg4 7. c4 dxc4 8.
Nc3 e6 9. Qa4 Bxf3 10. gxf3 Rc8 11. Qxa7 Qc7 12. d5 exd5 13. Re1+ Be7 14. Bf4
Qd7 15. Bxc6 bxc6 16. Qc5 Kf8 17. Rxe7 Qh3 18. Rc7+ Kg8 19. Qxc6 Rd8 20. Qb7
Qxf3 21. Rxf7 Qg4+ 22. Bg3 h5 23. h4 d4 24. Rxf6 dxc3 25. Qf7+ Kh7 26. bxc3
Rhe8 27. Rf4 Rd1+ 28. Rxd1 Qxd1+ 29. Kg2 Re1 30. Bh2 Qb1 31. Qxh5+ Kg8 32. Qf7+
Kh8 33. Qf8+ Kh7 34. Qf5+ 1-0

[Event "Madrid ch - Semifinal A "]
[Site "Madrid ESP"]
[Date "2015.03.25"]
[Round "9.17"]
[White "Morera Rodriguez, Ignacio"]
[Black "Lopez Heras, Arturo"]
[Result "0-1"]
[WhiteElo "1887"]
[BlackElo "1873"]
[PlyCount "42"]
[EventDate "2015.03.09"]
[EventType "swiss"]
[EventRounds "9"]
[EventCountry "ESP"]
[Source "lmi"]
[SourceDate "2015.03.09"]

1. d4 Nf6 2. c4 g6 3. Nc3 Bg7 4. e4 d6 5. Nf3 O-O 6. Be2 e5 7. O-O Nc6 8. d5
Ne7 9. b4 Ne8 10. g3 f5 11. Ng5 h6 12. Ne6 Bxe6 13. dxe6 Qc8 14. c5 Qxe6 15.
Ba3 Kh7 16. Rc1 a6 17. b5 axb5 18. Nxb5 fxe4 19. cxd6 cxd6 20. Bxd6 Nxd6 21.
Nxd6 Rad8 0-1

[Event "Madrid ch - Semifinal A "]
[Site "Madrid ESP"]
[Date "2015.03.25"]
[Round "9.18"]
[White "Roldan Garcia, Angel"]
[Black "Lozano Sanchez, Jose Antonio"]
[Result "1-0"]
[WhiteElo "1826"]
[BlackElo "1866"]
[PlyCount "53"]
[EventDate "2015.03.09"]
[EventType "swiss"]
[EventRounds "9"]
[EventCountry "ESP"]
[Source "lmi"]
[SourceDate "2015.03.09"]

1. e4 e5 2. Nf3 Nc6 3. Bb5 a6 4. Ba4 b5 5. Bb3 Nf6 6. O-O Bc5 7. c3 O-O 8. d4
exd4 9. cxd4 Be7 10. e5 Ne8 11. Nc3 Na5 12. Bc2 d6 13. Nd5 Be6 14. Nxe7+ Qxe7
15. Qd3 g6 16. Qe3 Bd5 17. Be4 Bxe4 18. Qxe4 Ng7 19. b3 c5 20. Bg5 Qe6 21. dxc5
dxc5 22. Rfd1 Qf5 23. Qd5 Ne6 24. Bf6 Rfc8 25. Qd2 Nc6 26. Qh6 Ra7 27. Ng5 1-0